[Event "Hoogovens"]
[Site "Wijk aan Zee"]
[Date "1997.01.19"]
[Round "2"]
[White "Onischuk, Alexander"]
[Black "Sokolov, Ivan"]
[Result "1/2-1/2"]
[WhiteElo "2580"]
[BlackElo "2615"]
[Annotator "Wedberg,T"]
[PlyCount "124"]
[EventDate "1997.01.18"]
[EventType "tourn"]
[EventRounds "13"]
[EventCountry "NED"]
[EventCategory "16"]
[SourceTitle "CBM 057"]
[Source "ChessBase"]
[SourceDate "1997.04.01"]
[SourceVersion "1"]
[SourceVersionDate "1997.04.01"]
[SourceQuality "1"]

1. e4 {Hecht} e5 2. Nf3 Nc6 3. Bb5 a6 4. Ba4 Nf6 5. O-O Nxe4 6. d4 b5 7. Bb3 d5
8. dxe5 Be6 9. Nbd2 Nc5 10. c3 d4 11. Ng5 Bd5 $5 {This is Ivan Sokolovs
contribution to this line. At the present moment it seems to hold very well.}
12. Bxd5 (12. Nxf7 {Black has at least a draw after this sacrifice.} Kxf7 13.
Qf3+ Ke6 14. Ne4 Nxb3 (14... Nxe4 15. Qxe4 Ne7 $13) 15. Qg4+ Kf7 16. Qf5+ Ke8
$2 (16... Kg8 17. e6 h6 {Forcing the draw.} (17... Qe7 $2 18. Qxd5 Nxa1 19. Bg5
Rd8 20. Qxc6 Qe8 21. Qxc7 Rc8 22. Qe5 $16) 18. Qf7+ (18. axb3 Rh7 $17) 18...
Kh7 19. Ng5+ hxg5 20. Qh5+ Kg8 21. Qf7+ $11) 17. e6 Bxe6 (17... Ne5 18. axb3
$16) (17... Qc8 18. Qxd5 Nba5 19. b4 Ne7 20. Qh5+ $16) 18. Qxe6+ Ne7 19. Qxb3
$16 {Dominguez,L-Rios,E/Capablanca mem-D/1996/1/2-1/2 (48)}) 12... Qxd5 13. Nb3
Nxb3 14. axb3 Be7 15. Nf3 d3 (15... Nxe5 16. Nxd4 Ng6 17. Qf3 Qxf3 18. Nxf3 c5
19. Rd1 $14 {Anand,V-Sokolov,I/EUCup f Lyon 1994/0-1 (53)}) 16. Be3 O-O 17. Bd4
$146 (17. b4 Rfd8 18. Re1 a5 19. bxa5 Rxa5 20. Rxa5 Nxa5 21. Nd4 Nc4 22. b3
Nxe5 $17 {0-1 McDonald,N-Gyimesi,Z/Budapest FS07 GM 1995 (32)}) 17... Rfd8 18.
Qxd3 {White has nothing from the opening.} (18. b4 Bxb4 19. Qxd3 Be7 $15) 18...
Qxb3 19. Qe2 Qe6 20. Rfd1 Rd5 21. h3 a5 $15 22. Be3 Rad8 23. Rxd5 Qxd5 24. Bf4
Qd3 25. Qxd3 Rxd3 26. Kf1 h6 27. Ke2 Rd5 (27... Rd7 $5) 28. h4 a4 29. e6 $1
fxe6 30. Bxc7 Bf6 31. c4 {Not strictly necessary, but it simplyfies the game.}
Nd4+ 32. Nxd4 Rxd4 33. cxb5 Rb4 34. b6 Rxb2+ 35. Kf1 Rb4 36. Rxa4 $1 Rxa4 37.
b7 Rb4 38. b8=Q+ Rxb8 39. Bxb8 {[#] Hecht Nur 2-3 Bauern auf einem Flügel und
den falschen L bezogen auf h1 ==> Remis} Bxh4 {This type of ending is
generally considered to be drawish. White exchanges P for P and sacrifices his
B for the remaining Black P.} 40. Ke2 Kf7 41. Ke3 Kg6 42. g3 Bf6 43. Ke4 h5 44.
f4 Bc3 45. Be5 Be1 (45... Bxe5 46. Kxe5 Kf7 47. f5 exf5 48. Kxf5 g6+ 49. Kg5
Kg7 50. g4 $11 (50. g4 {Hecht} hxg4 51. Kxg4 $11)) 46. Kf3 Kf7 47. Bd4 g6 48.
Bb2 Ke7 49. Be5 Kd7 50. Bf6 Kd6 51. Be5+ Kd5 52. Bf6 Kc4 53. g4 Kd5 (53... h4
54. f5 exf5 55. gxf5 gxf5 56. Bxh4 Bxh4 57. Kf4 $11) 54. gxh5 gxh5 55. Be7 h4
56. Kg4 Ke4 57. Bg5 h3 58. Kxh3 Kf3 59. Bf6 Bg3 (59... Kxf4 60. Kg2 $11) 60.
Bg7 Bxf4 61. Bf6 e5 62. Bxe5 Bxe5 1/2-1/2

[Event "Biel"]
[Site "Biel"]
[Date "1995.??.??"]
[Round "9"]
[White "De Firmian, Nick E"]
[Black "Timman, Jan H"]
[Result "1/2-1/2"]
[WhiteElo "2605"]
[BlackElo "2590"]
[Annotator "Wedberg,T"]
[PlyCount "45"]
[EventDate "1995.07.??"]
[EventType "tourn"]
[EventRounds "13"]
[EventCountry "SUI"]
[EventCategory "15"]
[SourceTitle "CBM 049"]
[Source "ChessBase"]
[SourceDate "1995.12.01"]
[SourceVersion "1"]
[SourceVersionDate "1995.12.01"]
[SourceQuality "1"]

1. e4 e5 2. Nf3 Nc6 3. Bb5 a6 4. Ba4 Nf6 5. O-O Nxe4 6. d4 b5 7. Bb3 d5 8. dxe5
Be6 9. Nbd2 Nc5 10. c3 d4 11. Bxe6 Nxe6 12. cxd4 Ncxd4 13. a4 Be7 (13... Bc5
14. Ne4 (14. Nb3 Nxb3 15. Qxb3 O-O $1 16. axb5 axb5 17. Rxa8 Qxa8 18. Qxb5 h6
$44 {Adams,M-Sokolov,I/Moscow olm/1994}) 14... Bb6 15. Nfg5 $1 Nxg5 16. Bxg5
Qd7 17. axb5 $6 (17. Re1 $1 {/\} O-O 18. Ra3 $1 $40) 17... Qxb5 18. Nc3 Qd7 $1
$10 {Rodriguez,Am-Korneev/Barbera del Valles op/1994}) 14. Nxd4 Qxd4 (14...
Nxd4 15. axb5 (15. Ne4 O-O 16. axb5 Nxb5 17. Be3 Qc8 18. Qc2 Qe6 19. f4 $14 {
Ivanchuk,V-Yusupov,A/Linares/1989}) 15... Nxb5 16. Qg4 (16. Qc2 O-O 17. Nf3 Nd4
18. Nxd4 Qxd4 $10 {Kindermann,S-Mikhalchishin,A/Dortmund/1993}) 16... O-O 17.
Nf3 Qc8 18. Qg3 Qe6 19. Ra4 $40 {Oll,L-Vucic,M/New York op/1994}) 15. axb5 Qxe5
16. bxa6 O-O 17. Qg4 (17. Nf3 Qb5 18. Qa4 Qxa4 19. Rxa4 Nc5 20. Rc4 Rxa6 $10 {
Adams,M-Sokolov,I/Leon/1995}) 17... Qb5 18. Qc4 Rfb8 19. Ra2 Ra7 20. Rd1 Qxc4
21. Nxc4 Rba8 22. Be3 Rxa6 23. Rxa6 1/2-1/2

[Event "Buenos Aires Najdorf"]
[Site "Buenos Aires"]
[Date "1996.??.??"]
[Round "4"]
[White "Magem Badals, Jordi"]
[Black "Slipak, Sergio"]
[Result "1-0"]
[WhiteElo "2565"]
[BlackElo "2535"]
[Annotator "Wedberg,T"]
[PlyCount "77"]
[EventDate "1996.04.??"]
[EventType "tourn"]
[EventRounds "9"]
[EventCountry "ARG"]
[EventCategory "13"]
[SourceTitle "CBM 053"]
[Source "ChessBase"]
[SourceDate "1996.08.01"]
[SourceVersion "1"]
[SourceVersionDate "1996.08.01"]
[SourceQuality "1"]

1. e4 e5 2. Nf3 Nc6 3. Bb5 Nf6 4. O-O Nxe4 5. d4 a6 6. Ba4 b5 7. Bb3 d5 8. dxe5
Be6 9. Be3 Bc5 10. Qd3 (10. Qe2 Ne7 11. Nbd2 Bxe3 12. Qxe3 Nxd2 13. Qxd2 c5 14.
c3 Qd7 15. Rad1 $14 {1-0 Hracek,Z-Krasenkov,M/Brno (04) ;CBM 43 1994 (40)})
10... Ne7 (10... O-O 11. Nc3 (11. Nbd2 Bxe3 12. Qxe3 Nxd2 13. Qxd2 Ne7 14. Qc3
a5 15. a4 b4 16. Qc5 Qd7 17. Nd4 c6 18. c3 bxc3 19. bxc3 Qa7 20. Qxa7 Rxa7 $10
{Lobron-Yusupov/Sarajevo/1984}) 11... Nb4 (11... Bxe3 12. Qxe3 Nxc3 13. Qxc3
Qd7 14. Rad1 Rad8 15. Ng5 Ne7 16. f4 $14 {1-0 Dolmatov,S-Sagalchik,G/Kemerovo1
(02) ;CBM 50 1995 (31)}) 12. Qe2 Nxc3 13. bxc3 Bxe3 14. Qxe3 Nc6 15. Qc5 Na5
16. a4 Nb7 17. Qc6 Na5 18. Qc5 Nb7 19. Qc6 {1/2-1/2 Stefansson,H-Piket,J/
Moscow olm (04) ISD-NED ;EXP 44 1994}) 11. Nc3 Bxe3 12. Qxe3 Nf5 13. Qe1 Nc5
14. Rd1 c6 15. Ne2 O-O 16. c3 Nxb3 17. axb3 Qb6 18. b4 a5 19. Ned4 Nxd4 20.
Nxd4 axb4 21. cxb4 $14 {/\Nb3-c5} c5 22. bxc5 Qxc5 23. Qd2 {White seems to
have achieved all his aims. The N is visibly stronger than the B and f4-f5-f6
is in the air. Blacks hope is to disturb White by infiltrating on the open a-
and c-files.} Qb6 24. h3 (24. f4 f6 $132) 24... Rfc8 25. Kh2 Qa5 26. Qe3 {
Preserving the Q for the attack.} (26. f4 Qxd2 27. Rxd2 Bd7 $14) 26... Qb4 27.
Rd2 Rc4 $2 (27... Ra2 $142 $13) 28. f4 $1 $40 Ra4 29. Rfd1 Ra2 30. f5 Bc8 31.
f6 gxf6 $2 (31... Bd7 $142 $16) 32. Qg3+ Kh8 33. exf6 Qf8 34. Re1 Be6 35. Rxe6
$1 {+-} fxe6 36. Nxe6 Qf7 37. Qg7+ Qxg7 38. fxg7+ Kg8 39. Rf2 1-0